Finančná analýza vybraného podniku na východnom Slovensku diplomová práca

Gespeichert in:
Bibliographische Detailangaben
1. Verfasser: Barilík, Tomáš
Körperschaft: Podnikovohospodárska fakulta EU so sídlom v Košiciach. Katedra kvantitatívnych metód
Weitere Verfasser: Nižníková, Zuzana, 1986-
Format: Buch
Sprache:Slowakisch
Veröffentlicht: Košice 2015
Tags: Tag hinzufügen
Keine Tags, Fügen Sie das erste Tag hinzu!

MARC

LEADER 00000nbm a2200000 4500
001 0202172
005 20161212094402.2
041 0 |a slo 
044 |a SK 
245 1 0 |a Finančná analýza vybraného podniku na východnom Slovensku  |b diplomová práca  |c Tomáš Barilík ; školiteľ: Zuzana Nižníková 
264 1 |a Košice  |c 2015 
300 |a 70 s. 
100 1 |a Barilík, Tomáš 
700 1 |a Nižníková, Zuzana, 1986- 
710 2 |a Podnikovohospodárska fakulta EU so sídlom v Košiciach. Katedra kvantitatívnych metód